000 02070nam a2200289 a 4500
001 000045047
005 20201002045830.0
008 150130s2013 dr acd 000 0 spa d
020 _a9789945120677 (v. 1)
020 _a9789945120684 (v. 2)
020 _a9789945120691 (v. 3)
020 _a9789945120707 (v. 4)
040 _aDO-SdBNP
_bspa
_cBNPHU
100 1 _aSimón Consuegra, José Miguel
_951487
245 1 0 _aCívica :
_bformación en valores y civismo /
_cJosé Miguel Simón Consuegra, Margarita Hernández Tejada; ilustraciones y fotografías Julio César Martínez.
260 _aSanto Domingo :
_bMinisterio de Educación
_bSusaeta,
_c2013.
300 _av. :
_bil., retrs., mapas ;
_c29 cm.
500 _aNivel medio
500 _aProhibida su venta. Propiedad del Ministerio de Educación
500 _aEdición especial del Ministerio de Educación
505 0 _av. 1:
_g1er. grado, primer ciclo--
_gunidad 1--
_tSociedad y educación Cívica--
_gunidad 2--
_tDesarrollo individual, personal y social--
_gunidad 3--
_tLa familia--
_gunidad 4--
_tDerechos y deberes--
_gunidad 5--
_tLas relaciones de convivencia--
505 0 _av. 2:
_g2do. grado, primer ciclo--
_gunidad 1--
_tLos derechos humanos--
_gunidad 2--
_tLos derechos de la mujer--
_gunidad 3--
_tLos valores de nuestra constitución--
_gunidad 4--
_tLas relaciones humanas--
_gunidad 5--
_tSalvemos nuestro planeta--
505 0 _av. 3:
_g1er. grado, segundo ciclo--
_gunidad 1--
_tLa constitución Dominicana--
_gunidad 2--
_tEl Estado Dominicano--
_gunidad 3--
_tRelación de la convivencia en la comunidad y sus instancias--
505 0 _av. 4:
_g2do. grado, segundo ciclo--
_gunidad 1--
_tDescentralización del poder--
_gunidad 2--
_tLa participación ciudadana como mecanismo para fortalecer la cultura democrática--
_gunidad 3--
_tFundamentación ética en la vida democrática y las funciones públicas--
_gunidad 4--
_tRelación de convivencia del centro escolar, la comunidad local y sus instancias--
700 1 _aHernández Tejada, Margarita
_950027
700 1 _aMartínez, Julio César
_efot. y il.
_91263
999 _c44536
_d44536